000 01084cam a22002651i 4500
003 SA-RiAUC
005 20250601132639.0
008 250531s1999 ua g 000 0 ara c
040 _aSA-JeALM
_bara
_cSA-RiAUC
_erda
082 0 4 _a253.2
090 _a253.2
_bح س ن
100 1 _aالحسني، أحمد حسن أحمد
_eمؤلف.
245 1 0 _aبيع التقسيط بين الاقتصاد الوضعي والاقتصاد الإسلامي /
_cأحمد بن حسن بن أحمد الحسني.
264 1 _aالاسكندرية :
_bمؤسسة شباب الجامعية،
_c1999
300 _a42 صفحة
336 _aنص
_btxt
_2rdacontent
_3كتاب
337 _aبدون وسيط
_bn
_2rdamedia
338 _aمجلد
_bnc
_2rdacarrier
500 _aإهداء من المؤلف أحمد بن حسن بن أحمد الحسني.
650 7 _aالتقسيط (فقه إسلامي)
_2aucsh
650 7 _aالبيع (فقه إسلامي)
_2aucsh
650 7 _aالاقتصاد الإسلامي
_2aucsh
942 _2ddc
_cBOOK
_n0
949 _aSA-JeALM
_d250531
_umohamedma123
_n1
999 _c8616
_d8616